000 00995nam a2200277 i 4500
001 189247
003 SpMaBN
005 20251013194831.0
008 190430s2003 sp |||| |bspa d
020 _a84-9759-940-3
080 _a821.134.2-31"19"
080 _a929 Isabel (460) I (0:82)
100 1 _aIrisarri, Ángeles de.
_9138604
245 1 0 _aIsabel, la reina.
_nIII,
_pEl sabor de las cerezas
_b: [novela] /
_cÁngeles de Irisarri.
250 _a1ª ed. en este formato.
260 _a[Barcelona] :
_bDebolsillo,
_c2003.
300 _a348 p. ;
_c19 cm.
490 1 _aBiblioteca Ángeles de Irisarri ;
_v3
490 1 _aBestseller ;
_v546
600 0 7 _aIsabel
_bI,
_cReina de Castilla-
_vNovelas
_2
_9166940
830 0 _aBiblioteca Ángeles de Irisarri ;
_v3
_9225802
830 0 0 _aBestseller (Barcelona)
_v546
_9235724
852 _aES-MaACL
_jA-14537
_9 196385
_bR.152084
_cDEPO1
_dOlim: N-7537
_hDonacion: Editorial
942 _2udc
999 _c189247
_d189247